000 00633cam a22002293a 4500
001 9659
003 PGUSA
005 20140828083214.0
008 060101s2006||||xxu|||||s|||||000 1 eng d
040 _aPGUSA
_beng
042 _adc
050 4 _aPS
100 1 _aTarkington, Booth,
_d1869-1946
245 1 4 _aThe Gentleman from Indiana
_h[electronic resource] /
_cBooth Tarkington
260 _bProject Gutenberg,
_c2006
506 _aPublic domain in the USA.
516 _aElectronic text
653 _aIndiana -- Fiction
830 0 _aProject Gutenberg
_v9659
856 4 0 _uhttp://www.gutenberg.org/ebooks/9659
942 _cEB
999 _c238915
_d238915